[Event "Hamburg-chT Landesliga 2122"]
[Site "Hamburg"]
[Date "2022.04.03"]
[Round "8.6"]
[White "Koenig, Friedrich Theodor"]
[Black "Schulz, Wolfgang"]
[Result "1-0"]
[WhiteElo "1891"]
[BlackElo "2032"]
[PlyCount "41"]
[EventDate "2021.10.31"]
[EventType "team-tourn"]
[EventRounds "9"]
[EventCountry "GER"]
[SourceTitle "EXT 2023"]
[Source "ChessBase"]
[SourceDate "2022.10.05"]
[SourceVersion "1"]
[SourceVersionDate "2022.10.05"]
[SourceQuality "1"]
[WhiteTeam "Marmstorf"]
[BlackTeam "Hamburger SK V"]
[WhiteTeamCountry "GER"]
[BlackTeamCountry "GER"]

1. d4 Nf6 2. Bf4 g6 3. Nc3 d5 4. e3 Bg7 5. Nb5 Na6 6. h3 0-0 7. Nf3 c6 8. Nc3 Qa5 9. Bd3 Nb4 10. 0-0 Nxd3 11. cxd3 c5 12. dxc5 Qxc5 13. Qb3 Bf5 14. d4 Qa5 15. Qxb7 Bd3 16. Rfd1 Ba6 17. Qxe7 Rfe8 18. Qc5 Qxc5 19. dxc5 Rac8 20. Bd6 Nd7 21. Nxd5 1-0

[Event "Hamburg-chT Landesliga 2122"]
[Site "Hamburg"]
[Date "2022.03.27"]
[Round "6.6"]
[White "Becker, Martin"]
[Black "Schulz, Wolfgang"]
[Result "0-1"]
[WhiteElo "1908"]
[BlackElo "2032"]
[PlyCount "40"]
[EventDate "2021.10.31"]
[EventType "team-tourn"]
[EventRounds "9"]
[EventCountry "GER"]
[SourceTitle "EXT 2023"]
[Source "ChessBase"]
[SourceDate "2022.10.05"]
[SourceVersion "1"]
[SourceVersionDate "2022.10.05"]
[SourceQuality "1"]
[WhiteTeam "Harburg Diagonale"]
[BlackTeam "Hamburger SK V"]
[WhiteTeamCountry "GER"]
[BlackTeamCountry "GER"]

1. e4 e5 2. Nf3 Nc6 3. Bc4 Nf6 4. Nc3 Nxe4 5. Nxe4 d5 6. Bd3 dxe4 7. Bxe4 Bd6 8. 0-0 0-0 9. d3 h6 10. h3 Ne7 11. d4 f5 12. Bd3 e4 13. Bc4+ Kh8 14. Ne1 Qe8 15. Bd2 f4 16. f3 Nf5 17. fxe4 Qxe4 18. c3 Ne3 19. Qf3 Qxf3 20. Rxf3 Nxc4 0-1

[Event "Hamburg-ch Seniors 65+ op 26th"]
[Site "Hamburg"]
[Date "2019.11.18"]
[Round "8"]
[White "Schulz, Wolfgang"]
[Black "Wilke, Wolfgang"]
[Result "1-0"]
[WhiteElo "2038"]
[BlackElo "1699"]
[PlyCount "63"]
[EventDate "2019.11.11"]
[EventType "swiss"]
[EventRounds "9"]
[EventCountry "GER"]
[SourceTitle "EXT 2022"]
[Source "ChessBase"]
[SourceDate "2021.10.06"]
[SourceVersion "1"]
[SourceVersionDate "2021.10.06"]
[SourceQuality "1"]

1. e4 e5 2. Nf3 Nc6 3. Bb5 Nf6 4. d3 d6 5. c3 a6 6. Ba4 Be7 7. 0-0 0-0 8. Nbd2 b5 9. Bc2 Bg4 10. h3 Bh5 11. Re1 Nd7 12. Nf1 f5 13. exf5 Rxf5 14. g4 Rxf3 15. Qxf3 Bf7 16. Qxc6 Nf6 17. Bb3 d5 18. Rxe5 Bd6 19. Rxd5 Nxd5 20. Bxd5 Bh2+ 21. Nxh2 Bxd5 22. Qc5 Qd7 23. Bf4 Re8 24. Nf1 c6 25. Ne3 Bf3 26. d4 g6 27. Qd6 Qf7 28. Be5 Rf8 29. g5 Be4 30. Qf6 Qd7 31. Qh8+ Kf7 32. Qxh7+ 1-0

[Event "Hamburg-ch Seniors 65+ op 26th"]
[Site "Hamburg"]
[Date "2019.11.15"]
[Round "5"]
[White "Schulz, Wolfgang"]
[Black "Grimm, Uwe"]
[Result "1/2-1/2"]
[WhiteElo "2038"]
[BlackElo "2104"]
[PlyCount "35"]
[EventDate "2019.11.11"]
[EventType "swiss"]
[EventRounds "9"]
[EventCountry "GER"]
[SourceTitle "EXT 2022"]
[Source "ChessBase"]
[SourceDate "2021.10.06"]
[SourceVersion "1"]
[SourceVersionDate "2021.10.06"]
[SourceQuality "1"]

1. e4 Nc6 2. Nf3 d6 3. d4 Nf6 4. c3 e6 5. d5 exd5 6. exd5 Ne5 7. Nxe5 dxe5 8. Bb5+ Bd7 9. Qe2 Be7 10. Bxd7+ Qxd7 11. c4 0-0 12. 0-0 Bd6 13. Nc3 a6 14. Bg5 Ne8 15. f4 f6 16. fxe5 Bxe5 17. Bd2 Nd6 18. Qd3 1/2-1/2

[Event "Hamburg-ch Seniors 65+ op 26th"]
[Site "Hamburg"]
[Date "2019.11.13"]
[Round "3"]
[White "Schulz, Wolfgang"]
[Black "Pfitzer, Norbert"]
[Result "0-1"]
[WhiteElo "2038"]
[BlackElo "2038"]
[PlyCount "108"]
[EventDate "2019.11.11"]
[EventType "swiss"]
[EventRounds "9"]
[EventCountry "GER"]
[SourceTitle "EXT 2022"]
[Source "ChessBase"]
[SourceDate "2021.10.06"]
[SourceVersion "1"]
[SourceVersionDate "2021.10.06"]
[SourceQuality "1"]

1. e4 e5 2. Nf3 d6 3. Bc4 Be7 4. 0-0 Nf6 5. Re1 Nc6 6. c3 Nxe4 7. d4 d5 8. dxe5 Be6 9. Bb5 0-0 10. Be3 a6 11. Bxc6 bxc6 12. Nd4 Bd7 13. f3 Nc5 14. Nd2 Nd3 15. Rf1 c5 16. N4b3 Nxb2 17. Qc2 Na4 18. f4 g6 19. Nf3 Rb8 20. Rf2 c4 21. Nbd4 c5 22. Ne2 Nb2 23. Rff1 Nd3 24. Rab1 Bf5 25. Ng3 Nb4 26. Nxf5 Nxc2 27. Rxb8 Qxb8 28. Nxe7+ Kg7 29. Bxc5 Re8 30. f5 h6 31. f6+ Kh7 32. e6 fxe6 33. f7 Rxe7 34. Ng5+ hxg5 35. Bxe7 Qa7+ 36. Kh1 Qxe7 37. f8Q Qxf8 38. Rxf8 Kg7 39. Rf2 Na3 40. Kg1 Nb5 41. Rf3 g4 42. Re3 Kf6 43. Kf2 e5 44. a4 Nd6 45. Ke1 Kf5 46. g3 Ne4 47. Kd1 a5 48. Kc2 d4 49. cxd4 exd4 50. Re1 d3+ 51. Kb1 c3 52. Rf1+ Ke5 53. Kc1 Nd2 54. Re1+ Kd4 0-1

[Event "Hamburg-ch Seniors 65+ op 26th"]
[Site "Hamburg"]
[Date "2019.11.12"]
[Round "2"]
[White "Wang, Huanying"]
[Black "Schulz, Wolfgang"]
[Result "0-1"]
[WhiteElo "1288"]
[BlackElo "2038"]
[PlyCount "80"]
[EventDate "2019.11.11"]
[EventType "swiss"]
[EventRounds "9"]
[EventCountry "GER"]
[SourceTitle "EXT 2022"]
[Source "ChessBase"]
[SourceDate "2021.10.06"]
[SourceVersion "1"]
[SourceVersionDate "2021.10.06"]
[SourceQuality "1"]

1. e4 e5 2. Nf3 Nc6 3. Bb5 a6 4. Ba4 Nf6 5. Nc3 Be7 6. 0-0 b5 7. Bb3 0-0 8. Re1 d6 9. h3 Na5 10. Bd5 c6 11. Bb3 Nxb3 12. axb3 Re8 13. Re3 Bf8 14. d4 Bb7 15. d5 Qc7 16. Ne2 cxd5 17. Rc3 Qb6 18. Be3 d4 19. Bxd4 exd4 20. Nexd4 Nxe4 21. Re3 g6 22. c3 Bh6 23. Rd3 Nc5 24. Nh4 Nxd3 25. Qxd3 Re4 26. Qg3 Bf4 27. Qd3 Rae8 28. Rf1 Re1 29. b4 Qd8 30. Nhf3 Rxf1+ 31. Qxf1 Qf6 32. Kh1 Be5 33. Qd3 Bxd4 34. Nxd4 Re1+ 35. Kh2 Qxf2 36. Nf3 Bxf3 37. Qxf3 Qg1+ 38. Kg3 Re3 39. Kg4 h5+ 40. Kf4 g5+ 0-1

[Event "GER-ch Seniors 65 31st"]
[Site "Radebeul"]
[Date "2019.04.30"]
[Round "5"]
[White "Kanibalotzka, Yeyzaveta Elisabet"]
[Black "Schulz, Wolfgang"]
[Result "1/2-1/2"]
[WhiteElo "1794"]
[BlackElo "2048"]
[PlyCount "194"]
[EventDate "2019.04.26"]
[EventType "swiss"]
[EventRounds "9"]
[EventCountry "GER"]
[SourceTitle "CBM 190 Extra"]
[Source "ChessBase"]
[SourceDate "2019.07.15"]
[SourceVersion "1"]
[SourceVersionDate "2019.07.15"]
[SourceQuality "1"]

1. d4 Nf6 2. Nf3 g6 3. Bf4 Bg7 4. e3 0-0 5. Bd3 d6 6. Nbd2 Nbd7 7. e4 Nh5 8. Be3 e5 9. c3 Re8 10. 0-0 Nhf6 11. h3 d5 12. Bg5 exd4 13. cxd4 dxe4 14. Nxe4 h6 15. Nxf6+ Nxf6 16. Bxf6 Bxf6 17. Qc2 Kg7 18. Rad1 Be6 19. Rfe1 c6 20. b3 Qd6 21. Be4 Bd5 22. Bxd5 Qxd5 23. Re2 Rxe2 24. Qxe2 Rd8 25. Qc2 c5 26. Kf1 cxd4 27. Qd3 Qa5 28. Qc2 Re8 29. Rd2 Qc3 30. Qd1 Re4 31. Rc2 Qa5 32. Qd3 Qa6 33. Qxa6 bxa6 34. Re2 Rf4 35. Rd2 Kf8 36. Ke2 Bg7 37. g3 Re4+ 38. Kd3 f5 39. Re2 Rxe2 40. Kxe2 Ke7 41. a3 Kd6 42. Nh4 Kc5 43. f3 a5 44. Nxg6 a4 45. bxa4 Kc4 46. Ne7 Kc3 47. Nd5+ Kb3 48. Nb4 Kxa3 49. Nd5 Kxa4 50. Kd3 a6 51. Kc4 Ka5 52. Nc7 Be5 53. Ne6 Kb6 54. Kd3 Kc6 55. g4 fxg4 56. fxg4 Kd6 57. Nxd4 Kd5 58. Nf3 Bg7 59. h4 a5 60. h5 Bf6 61. Nd2 a4 62. Ne4 Ke5 63. Ke3 a3 64. Nc3 Ke6 65. Na2 Kd5 66. Kd3 Kc5 67. Kc2 Kc4 68. Nc1 Bg5 69. Na2 Bf4 70. Nc3 Be5 71. Na2 Bd4 72. Nc1 Kd5 73. Kb3 Bb2 74. Nd3 Bf6 75. Kxa3 Ke4 76. Nc5+ Kf4 77. Nd7 Bg7 78. Kb3 Kxg4 79. Kc2 Kxh5 80. Kd1 Kg4 81. Ke2 Kg3 82. Kf1 Bd4 83. Nf8 Kh2 84. Ng6 Kg3 85. Nf4 Kh2 86. Nh5 Be5 87. Kf2 Bd4+ 88. Kf1 Bc5 89. Nf4 Kg3 90. Nh5+ Kf3 91. Nf4 Kxf4 92. Kg2 h5 93. Kf1 h4 94. Kg2 Ke3 95. Kh1 Kf2 96. Kh2 Bd6+ 97. Kh1 h3 1/2-1/2

[Event "GER-ch Seniors 65 31st"]
[Site "Radebeul"]
[Date "2019.04.29"]
[Round "4"]
[White "Schulz, Wolfgang"]
[Black "Pruefer, Friedbert"]
[Result "0-1"]
[WhiteElo "2048"]
[BlackElo "2196"]
[PlyCount "94"]
[EventDate "2019.04.26"]
[EventType "swiss"]
[EventRounds "9"]
[EventCountry "GER"]
[SourceTitle "CBM 190 Extra"]
[Source "ChessBase"]
[SourceDate "2019.07.15"]
[SourceVersion "1"]
[SourceVersionDate "2019.07.15"]
[SourceQuality "1"]

1. e4 g6 2. Nf3 Bg7 3. d3 d6 4. g3 c5 5. Bg2 Nc6 6. 0-0 e6 7. Re1 Nge7 8. Nbd2 0-0 9. h4 Rb8 10. h5 b5 11. Nf1 Qc7 12. Qe2 Nd4 13. Nxd4 cxd4 14. Nh2 Qc5 15. hxg6 hxg6 16. Ng4 Bb7 17. Bh6 Bxh6 18. Nxh6+ Kg7 19. Ng4 Nc6 20. e5 dxe5 21. Nxe5 Qxe5 22. Qxe5+ Nxe5 23. Rxe5 Rfc8 24. Rc1 Kf6 25. Bxb7 Kxe5 26. Bxc8 Rxc8 27. Re1+ Kd5 28. Re2 b4 29. f4 f6 30. Rh2 Rc6 31. Rh7 Rxc2 32. Rxa7 Rxb2 33. Ra5+ Kc6 34. Ra6+ Kb5 35. Ra8 e5 36. fxe5 fxe5 37. Kf1 Kc5 38. g4 Rd2 39. Ra5+ Kd6 40. Ra6+ Ke7 41. Ra5 Kf6 42. Rb5 Rxd3 43. Rxb4 Ra3 44. Rb2 Kg5 45. Rg2 Kf4 46. g5 e4 47. Ke1 e3 0-1

[Event "MVP-ch Seniors op 18th"]
[Site "Ostseebad Binz"]
[Date "2018.12.04"]
[Round "7"]
[White "Flechsig, Bernd"]
[Black "Schulz, Wolfgang"]
[Result "0-1"]
[WhiteElo "1937"]
[BlackElo "2036"]
[PlyCount "102"]
[EventDate "2018.11.28"]
[EventType "swiss"]
[EventRounds "9"]
[EventCountry "GER"]
[SourceTitle "CBM 188 Extra"]
[Source "ChessBase"]
[SourceDate "2019.02.26"]
[SourceVersion "1"]
[SourceVersionDate "2019.02.26"]
[SourceQuality "1"]

1. e4 e5 2. d4 exd4 3. Qxd4 Nc6 4. Qe3 Nf6 5. Nc3 Bb4 6. Bd2 0-0 7. 0-0-0 Re8 8. f3 Qe7 9. g4 d5 10. g5 d4 11. gxf6 dxe3 12. fxe7 exd2+ 13. Rxd2 Rxe7 14. Bb5 Bd7 15. Nge2 a6 16. Rhd1 Be8 17. Bxc6 Bxc6 18. Nd4 Bxc3 19. bxc3 Bd7 20. Nb3 Be8 21. Rd8 Rxd8 22. Rxd8 b6 23. Nd4 Kf8 24. Ra8 a5 25. Nf5 Re6 26. Rc8 g6 27. Nd4 Re7 28. Nc6 Re6 29. Nd4 Re5 30. Rxc7 Rh5 31. Rb7 b5 32. Kb2 Rxh2 33. Nxb5 Rf2 34. Nd6 Rd2 35. e5 Bc6 36. Rxf7+ Kg8 37. Ra7 Bxf3 38. Rxa5 g5 39. Nf5 Be4 40. Nd4 Kf8 41. e6 g4 42. Re5 Bg6 43. a4 g3 44. Rg5 g2 45. a5 Be4 46. a6 Rd1 47. e7+ Kxe7 48. Re5+ Kd6 49. Re6+ Kd7 50. Rxe4 g1Q 51. a7 Rb1+ 0-1

[Event "MVP-ch Seniors op 18th"]
[Site "Ostseebad Binz"]
[Date "2018.12.03"]
[Round "6"]
[White "Schulz, Wolfgang"]
[Black "Oechslein, Rainer"]
[Result "0-1"]
[WhiteElo "2036"]
[BlackElo "2216"]
[PlyCount "50"]
[EventDate "2018.11.28"]
[EventType "swiss"]
[EventRounds "9"]
[EventCountry "GER"]
[SourceTitle "CBM 188 Extra"]
[Source "ChessBase"]
[SourceDate "2019.02.26"]
[SourceVersion "1"]
[SourceVersionDate "2019.02.26"]
[SourceQuality "1"]

1. e4 c5 2. Nf3 Nc6 3. d3 g6 4. g3 Bg7 5. Bg2 e6 6. 0-0 Nge7 7. Re1 0-0 8. Nbd2 Rb8 9. Nc4 d5 10. exd5 Nxd5 11. Nce5 Nce7 12. c4 Nb6 13. Be3 f6 14. Ng4 h5 15. Nh6+ Kh7 16. Qd2 e5 17. Rad1 e4 18. Ng5+ fxg5 19. Bxg5 Qd6 20. Rxe4 Nc6 21. Rh4 Nd4 22. Bf4 Rxf4 23. Rxf4 Bxh6 24. Rf7+ Bg7 25. Re1 Be6 0-1

[Event "Hamburg-ch Seniors 23rd"]
[Site "Hamburg"]
[Date "2016.11.02"]
[Round "1"]
[White "Ptitsyn, Vadim"]
[Black "Schulz, Wolfgang"]
[Result "0-1"]
[WhiteElo "1666"]
[BlackElo "2052"]
[PlyCount "26"]
[EventDate "2016.11.02"]
[EventType "swiss"]
[EventRounds "9"]
[EventCountry "GER"]
[SourceTitle "EXT 2019"]
[Source "ChessBase"]
[SourceDate "2018.10.10"]
[SourceVersion "1"]
[SourceVersionDate "2018.10.10"]
[SourceQuality "1"]

1. d4 Nf6 2. c4 g6 3. Nc3 Bg7 4. e4 d6 5. Be3 0-0 6. f3 c5 7. d5 a6 8. Qd2 e6 9. Bd3 exd5 10. exd5 Re8 11. Kf2 Rxe3 12. Qxe3 Ng4+ 13. fxg4 Bd4 0-1

[Event "Schleswig Holstein-ch Seniors op 10th"]
[Site "Buesum"]
[Date "2016.10.04"]
[Round "9"]
[White "Luebeck, Stephan"]
[Black "Schulz, Wolfgang"]
[Result "1/2-1/2"]
[WhiteElo "2005"]
[BlackElo "2049"]
[PlyCount "24"]
[EventDate "2016.09.26"]
[EventType "swiss"]
[EventRounds "9"]
[EventCountry "GER"]
[SourceTitle "EXT 2019"]
[Source "ChessBase"]
[SourceDate "2018.10.10"]
[SourceVersion "1"]
[SourceVersionDate "2018.10.10"]
[SourceQuality "1"]

1. d4 Nf6 2. Nf3 g6 3. Bg5 Bg7 4. Nbd2 d5 5. e3 0-0 6. Bd3 c5 7. c3 Nc6 8. h3 b6 9. 0-0 Bb7 10. Re1 Re8 11. a4 Rc8 12. Qb1 Nd7 1/2-1/2

[Event "Schleswig Holstein-ch Seniors op 10th"]
[Site "Buesum"]
[Date "2016.09.29"]
[Round "4"]
[White "Kluever, Horst"]
[Black "Schulz, Wolfgang"]
[Result "0-1"]
[WhiteElo "1856"]
[BlackElo "2049"]
[PlyCount "34"]
[EventDate "2016.09.26"]
[EventType "swiss"]
[EventRounds "9"]
[EventCountry "GER"]
[SourceTitle "EXT 2019"]
[Source "ChessBase"]
[SourceDate "2018.10.10"]
[SourceVersion "1"]
[SourceVersionDate "2018.10.10"]
[SourceQuality "1"]

1. e4 e5 2. Nf3 Nc6 3. Bc4 Nf6 4. d3 h6 5. 0-0 d6 6. h3 g6 7. Be3 Bg7 8. Qd2 Qe7 9. Nc3 Na5 10. Nd5 Nxc4 11. Nxf6+ Qxf6 12. dxc4 Bxh3 13. Nxe5 Bxg2 14. Nxf7 Bf3 15. Nxd6+ cxd6 16. Bf4 Qh4 17. Bh2 Qh3 0-1

[Event "Schleswig Holstein-ch Seniors op 10th"]
[Site "Buesum"]
[Date "2016.09.26"]
[Round "1"]
[White "Schulz, Wolfgang"]
[Black "Lueders, Guenter"]
[Result "1-0"]
[WhiteElo "2049"]
[BlackElo "1802"]
[PlyCount "117"]
[EventDate "2016.09.26"]
[EventType "swiss"]
[EventRounds "9"]
[EventCountry "GER"]
[SourceTitle "EXT 2019"]
[Source "ChessBase"]
[SourceDate "2018.10.10"]
[SourceVersion "1"]
[SourceVersionDate "2018.10.10"]
[SourceQuality "1"]

1. e4 c5 2. Nf3 d6 3. g3 Nc6 4. Bg2 Bd7 5. 0-0 g6 6. Re1 Bg7 7. c3 e5 8. Na3 Nf6 9. Nc4 Be6 10. d3 b5 11. Na3 a6 12. d4 Bg4 13. Nc2 0-0 14. h3 Bxf3 15. Bxf3 Qc7 16. Be3 Ne7 17. Rc1 Rad8 18. Qd2 Rfe8 19. Bh6 Qb6 20. Bxg7 Kxg7 21. a3 Nc6 22. Rcd1 Na5 23. Qe2 Nb3 24. Qe3 Na5 25. dxc5 dxc5 26. Kg2 Nc4 27. Qc1 Qc6 28. Ne3 Nd6 29. Nd5 Nxd5 30. Rxd5 Nb7 31. Red1 Rxd5 32. Rxd5 Qc7 33. Qd2 Rd8 34. h4 Rxd5 35. Qxd5 Na5 36. Be2 c4 37. Bd1 f6 38. Bg4 Nc6 39. Bd7 Nb8 40. Be6 Qc6 41. Kf3 h6 42. a4 g5 43. axb5 axb5 44. hxg5 hxg5 45. Kg4 Qxd5 46. exd5 Kf8 47. Kf5 Ke7 48. Bc8 Kd8 49. Bb7 Kc7 50. Ba8 Nd7 51. Bc6 Nc5 52. Bxb5 Nd3 53. Bxc4 Nxb2 54. Be2 Na4 55. c4 Nc5 56. Kxf6 Kd6 57. Kxg5 Ne4+ 58. Kg4 Nxf2+ 59. Kf3 1-0

[Event "Hessen-ch Seniors op 12th"]
[Site "Bad Sooden-Allendorf"]
[Date "2016.05.08"]
[Round "9"]
[White "Blosze, Winfried"]
[Black "Schulz, Wolfgang"]
[Result "0-1"]
[WhiteElo "1862"]
[BlackElo "2024"]
[PlyCount "76"]
[EventDate "2016.04.30"]
[EventType "swiss"]
[EventRounds "9"]
[EventCountry "GER"]
[SourceTitle "EXT 2019"]
[Source "ChessBase"]
[SourceDate "2018.10.10"]
[SourceVersion "1"]
[SourceVersionDate "2018.10.10"]
[SourceQuality "1"]

1. e4 e5 2. Nf3 Nc6 3. Bb5 a6 4. Bxc6 dxc6 5. 0-0 Qf6 6. d4 exd4 7. e5 Qg6 8. Qxd4 Qxc2 9. Be3 Bf5 10. Nh4 c5 11. Qf4 Be6 12. b3 Be7 13. Na3 g5 14. Qf3 Qb2 15. Qxb7 Rd8 16. Nc4 Bxc4 17. Qc6+ Kf8 18. bxc4 gxh4 19. Rad1 Rxd1 20. Rxd1 Qxe5 21. g3 Qh5 22. Rd5 Qg6 23. Qxc7 Qb1+ 24. Kg2 Qe4+ 25. Kg1 h5 26. Re5 Qb1+ 27. Kg2 Bf6 28. Qxc5+ Kg7 29. Rxh5 Qe4+ 30. Kh3 Qe6+ 31. Kg2 h3+ 32. Kf1 Qg4 33. Rd5 Ne7 34. Rd6 Nf5 35. Rd3 Rb8 36. Bd2 Rb1+ 37. Be1 Qe4 38. Re3 Qh1+ 0-1

[Event "Hessen-ch Seniors op 12th"]
[Site "Bad Sooden-Allendorf"]
[Date "2016.05.08"]
[Round "8"]
[White "Schulz, Wolfgang"]
[Black "Hondema, Evert C"]
[Result "1/2-1/2"]
[WhiteElo "2024"]
[BlackElo "1907"]
[PlyCount "48"]
[EventDate "2016.04.30"]
[EventType "swiss"]
[EventRounds "9"]
[EventCountry "GER"]
[SourceTitle "EXT 2019"]
[Source "ChessBase"]
[SourceDate "2018.10.10"]
[SourceVersion "1"]
[SourceVersionDate "2018.10.10"]
[SourceQuality "1"]

1. e4 Nf6 2. e5 Nd5 3. d4 d6 4. c4 Nb6 5. exd6 exd6 6. Nc3 Nc6 7. Be3 Be7 8. Bd3 0-0 9. b3 Bf6 10. Nge2 Re8 11. 0-0 Bg4 12. Qd2 Bh5 13. Ne4 Bxe2 14. Nxf6+ Qxf6 15. Bxe2 Nc8 16. Rfe1 h6 17. Bf3 N8e7 18. Rad1 Nf5 19. Bxc6 bxc6 20. h3 a5 21. d5 c5 22. Bf4 Nd4 23. Be3 Nf5 24. Bf4 Nd4 1/2-1/2

[Event "MVP-ch Seniors op 15th"]
[Site "Binz"]
[Date "2015.12.02"]
[Round "9.27"]
[White "Schulz, Wolfgang"]
[Black "Gebuhr, Guenter"]
[Result "1-0"]
[WhiteElo "1938"]
[BlackElo "1766"]
[PlyCount "101"]
[EventDate "2015.11.24"]
[EventType "swiss"]
[EventRounds "9"]
[EventCountry "GER"]
[SourceTitle "EXT 2017"]
[Source "ChessBase"]
[SourceDate "2016.10.25"]
[SourceVersion "1"]
[SourceVersionDate "2016.10.25"]
[SourceQuality "1"]

1. e4 c5 2. Nf3 Nc6 3. d3 g6 4. g3 Bg7 5. Bg2 d6 6. 0-0 Nf6 7. Nc3 0-0 8. Nd2 e5 9. Nc4 Be6 10. Ne3 Qd7 11. f4 Bh3 12. f5 Bxg2 13. Kxg2 Nd4 14. g4 h6 15. Ncd5 g5 16. Nxf6+ Bxf6 17. Nd5 Kg7 18. c3 Nc6 19. h4 Rh8 20. hxg5 hxg5 21. Be3 Ne7 22. Nxf6 Kxf6 23. Qd2 Rag8 24. Rh1 Kg7 25. Bxg5 f6 26. Be3 d5 27. Kf2 d4 28. cxd4 cxd4 29. Bh6+ Kf7 30. Rag1 Rh7 31. Qc1 Rgh8 32. Bd2 Qb5 33. Rxh7+ Rxh7 34. Qc2 Rh8 35. b4 Rh3 36. Qb3+ Kf8 37. Rg3 Rh2+ 38. Ke1 Rh1+ 39. Ke2 Rh2+ 40. Kd1 Rh1+ 41. Be1 a5 42. a3 axb4 43. g5 fxg5 44. Rxg5 Rh3 45. Rg3 Rxg3 46. Bxg3 Qc6 47. Qxb4 Kf7 48. Bxe5 Qh6 49. Qxd4 Qh1+ 50. Ke2 Qh5+ 51. Kf2 1-0

[Event "MVP-ch Seniors op 15th"]
[Site "Binz"]
[Date "2015.11.30"]
[Round "7.39"]
[White "Schulz, Wolfgang"]
[Black "Stuiber, Wilhelm"]
[Result "1-0"]
[WhiteElo "1938"]
[BlackElo "1704"]
[PlyCount "89"]
[EventDate "2015.11.24"]
[EventType "swiss"]
[EventRounds "9"]
[EventCountry "GER"]
[SourceTitle "EXT 2017"]
[Source "ChessBase"]
[SourceDate "2016.10.25"]
[SourceVersion "1"]
[SourceVersionDate "2016.10.25"]
[SourceQuality "1"]

1. e4 e6 2. d3 d5 3. Nd2 dxe4 4. dxe4 Bd7 5. Ngf3 Nc6 6. g3 Nge7 7. Bg2 Ng6 8. 0-0 Bd6 9. Nc4 Qe7 10. Nxd6+ cxd6 11. b3 0-0-0 12. Ba3 Be8 13. Re1 Qc7 14. Nd4 a6 15. c4 Nxd4 16. Qxd4 e5 17. Qa7 Qb8 18. Bh3+ Bd7 19. Qxb8+ Kxb8 20. Bxd6+ Kc8 21. Bg2 Be6 22. Red1 Rd7 23. Bc5 Rhd8 24. Bf3 Kc7 25. Rxd7+ Rxd7 26. Rd1 Ne7 27. Kf1 Rxd1+ 28. Bxd1 Nc6 29. Ke2 b6 30. Be3 a5 31. Kd2 a4 32. Kc3 axb3 33. axb3 g6 34. b4 h5 35. b5 Na5 36. c5 bxc5 37. Bxc5 Nb7 38. Kb4 Nxc5 39. Kxc5 Kb7 40. Be2 Bh3 41. Bc4 Bg2 42. Bd5+ Kc7 43. b6+ Kb8 44. Bxf7 Bxe4 45. Bd5 1-0

[Event "Hamburg-ch Seniors 22nd"]
[Site "Hamburg"]
[Date "2015.11.04"]
[Round "8"]
[White "Schulz, Wolfgang"]
[Black "Zippert, Georg"]
[Result "1-0"]
[WhiteElo "2052"]
[BlackElo "1817"]
[PlyCount "95"]
[EventDate "2015.10.28"]
[EventType "swiss"]
[EventRounds "9"]
[EventCountry "GER"]
[SourceTitle "EXT 2018"]
[Source "ChessBase"]
[SourceDate "2017.10.13"]
[SourceVersion "1"]
[SourceVersionDate "2017.10.13"]
[SourceQuality "1"]

1. e4 e5 2. Nf3 Nc6 3. Bb5 a6 4. Ba4 Nf6 5. 0-0 b5 6. Bb3 Be7 7. d4 d6 8. c3 Bg4 9. h3 Bxf3 10. Qxf3 exd4 11. Qg3 g6 12. Bh6 Na5 13. e5 dxe5 14. Qxe5 Qd6 15. cxd4 Nxb3 16. axb3 Qxe5 17. dxe5 Nd5 18. Rd1 Nb4 19. Nc3 Rd8 20. Ne4 Nc2 21. Rxd8+ Kxd8 22. Rxa6 Kd7 23. Bg7 Rd8 24. Nf6+ Bxf6 25. Bxf6 Re8 26. f4 Nb4 27. Ra5 Kc6 28. Ra1 Nd3 29. Bg5 Kc5 30. Kf1 Kb4 31. Ke2 Nc5 32. Bh4 Nxb3 33. Rd1 Nc5 34. Be1+ Kc4 35. Ke3 Ne6 36. Rd7 h5 37. g4 hxg4 38. hxg4 Rh8 39. Rxf7 Rh3+ 40. Kf2 c5 41. f5 gxf5 42. gxf5 Ng5 43. Rf8 Rh2+ 44. Ke3 Rxb2 45. e6 Rb3+ 46. Kf4 Nh3+ 47. Kg4 Re3 48. Bh4 1-0

[Event "Hamburg-ch Seniors 22nd"]
[Site "Hamburg"]
[Date "2015.10.30"]
[Round "3"]
[White "Brakelmann, Peter"]
[Black "Schulz, Wolfgang"]
[Result "0-1"]
[WhiteElo "1647"]
[BlackElo "2052"]
[PlyCount "62"]
[EventDate "2015.10.28"]
[EventType "swiss"]
[EventRounds "9"]
[EventCountry "GER"]
[SourceTitle "EXT 2018"]
[Source "ChessBase"]
[SourceDate "2017.10.13"]
[SourceVersion "1"]
[SourceVersionDate "2017.10.13"]
[SourceQuality "1"]

1. Nf3 g6 2. d4 Bg7 3. Nbd2 d6 4. c3 e5 5. e4 Nc6 6. d5 Nce7 7. Bb5+ c6 8. dxc6 bxc6 9. Bc4 Nf6 10. h3 0-0 11. Bb3 Ba6 12. Bc2 Nh5 13. Nf1 d5 14. Be3 Nf4 15. Bxf4 exf4 16. Bd3 Bxd3 17. Qxd3 dxe4 18. Qxd8 Raxd8 19. Ng5 Rfe8 20. Nd2 Nd5 21. Kf1 Nxc3 22. Re1 Rxd2 23. bxc3 f5 24. g3 fxg3 25. fxg3 Bxc3 26. Re2 Rxe2 27. Kxe2 h6 28. Rc1 Bf6 29. h4 hxg5 30. hxg5 Bxg5 31. Rxc6 Kg7 0-1